000 00414nam a2200181Ia 4500
001 17886
005 20260306171550.0
008 260306s9999||||xx |||||||||||||| ||und||
041 _aESP
082 _a658.3
_bCH548G 2009
100 _aChiavenato, Idalberto
_eAUT
245 0 _aGestión del talento humano
260 _c2009
300 _a
_c
650 _aGEN
654 _aCAN
942 _cLIB
_dJUS
_fJUS
_2ddc
_n
999 _c17886
_d17886